Vnútroodvetvový obchod a odvetvová koncentrácia exportu vo svetovej ekonomike – predbežná štatistická analýza
Príspevok skúma vzťah medzi vnútroodvetvovým obchodom a odvetvovou koncentráciou exportu vo svetovej ekonomike v rokoch 1995-2012. Overuje hypotézu, že štáty s vyšším podielom vnútroodvetvového obchodu na celkovom zahraničnom obchode majú nižšiu odvetvovú koncentráciu exportu. Skúma tiež, či so zvyš...
Saved in:
| Main Author: | |
|---|---|
| Format: | Book Chapter |
| Language: | Slovak |
| Subjects: | |
| Tags: |
No Tags, Be the first to tag this record!
|
MARC
| LEADER | 00000nla a2200000 4500 | ||
|---|---|---|---|
| 001 | 0183875 | ||
| 005 | 20240502073141.0 | ||
| 041 | 0 | |a slo | |
| 044 | |a SK | ||
| 245 | 1 | 0 | |a Vnútroodvetvový obchod a odvetvová koncentrácia exportu vo svetovej ekonomike – predbežná štatistická analýza |c Martin Grančay |
| 520 | |a Príspevok skúma vzťah medzi vnútroodvetvovým obchodom a odvetvovou koncentráciou exportu vo svetovej ekonomike v rokoch 1995-2012. Overuje hypotézu, že štáty s vyšším podielom vnútroodvetvového obchodu na celkovom zahraničnom obchode majú nižšiu odvetvovú koncentráciu exportu. Skúma tiež, či so zvyšujúcim sa indexom vnútroodvetvového obchodu v čase sa znižuje odvetvová koncentrácia exportov štátu. | ||
| 610 | 2 | 0 | |a obchod zahraničný |
| 610 | 2 | 0 | |a obchod vnútorný |
| 610 | 2 | 0 | |a rozvoj hospodársky |
| 610 | 2 | 0 | |a vývoz |
| 610 | 2 | 0 | |a koncentrácia |
| 610 | 2 | 0 | |a diverzifikácia |
| 610 | 2 | 0 | |a analýza štatistická |
| 100 | 1 | |a Grančay, Martin, 1984-2024 | |